000 00302nam a22001337a 4500
003 OSt
008 150215b xxu||||| |||| 00| 0 eng d
100 1 _aAshbrook,Stanley B.
041 _aeng
245 1 0 _aUnited States One Cent Stamp, The
246 1 0 _aVolume I
260 _b1938
_c1938
300 _a0 pages
999 _c670
_d670